[Event "Penang op 15th"]
[Site "Penang"]
[Date "2023.12.22"]
[Round "9"]
[White "Shahar, Uzair"]
[Black "Soo, Kai Jie"]
[Result "1-0"]
[WhiteElo "1917"]
[BlackElo "2074"]
[PlyCount "107"]
[EventDate "2023.12.18"]
[EventType "swiss"]
[EventRounds "9"]
[EventCountry "MAS"]
[SourceTitle "CB52_2023"]
[SourceDate "2023.12.27"]
[SourceVersion "1"]
[SourceVersionDate "2023.12.27"]
[SourceQuality "1"]

1. e4 e6 2. f4 d5 3. e5 c5 4. Nf3 Nc6 5. c3 Nh6 6. Na3 Qb6 7. Nc2 Be7 8. d4 Nf5 9. Bd3 Nh4 10. Nxh4 Bxh4+ 11. g3 Be7 12. 0-0 cxd4 13. cxd4 Nb4 14. a4 Nxd3 15. Qxd3 0-0 16. b3 Bd7 17. Bb2 f6 18. exf6 Bxf6 19. Ne3 Be8 20. f5 Rd8 21. Rad1 exf5 22. Ba3 Rf7 23. Bc5 Qc6 24. Rc1 Qe6 25. Nxf5 b6 26. Rce1 Qc6 27. Be7 Rc8 28. Bxf6 Qxf6 29. Ne7+ Rxe7 30. Rxf6 Rxe1+ 31. Rf1 Re4 32. Rf4 Bg6 33. Qb5 Rc1+ 34. Kg2 Rxf4 35. gxf4 Be4+ 36. Kf2 Rc2+ 37. Ke1 h6 38. h4 Kh7 39. Qd7 Rb2 40. f5 Kh8 41. Qe8+ Kh7 42. Qf7 Kh8 43. b4 Rb1+ 44. Kd2 a5 45. f6 gxf6 46. Qxf6+ Kh7 47. b5 Rb4 48. Qxb6 Rxa4 49. Qc7+ Kg6 50. b6 Rxd4+ 51. Ke3 Rd3+ 52. Kf4 Rf3+ 53. Ke5 Rf5+ 54. Kd4 1-0